Writing papers in psychology : proposals, research papers, literature reviews, poster presentations and concise reports /

This ninth edition of Writing Papers in Psychology provides frameworks, tips, guidelines and sample illustrations for college students who are writing research reports or literature reviews that are expected to conform to style recommendations of the American Psychological Association. It also is de...

Full description

Bibliographic Details
Main Author: Rosnow, Ralph L.
Other Authors: Rosnow, Mimi, 1938-
Format: Book
Language:English
Published: Belmont, Calif. : Wadsworth Cengage Learning, [2012]
Edition:9th ed.
Subjects:

MARC

Tag First Indicator Second Indicator Subfields
LEADER 00000cam a2200000 a 4500
001 in00002785004
005 20151202171901.0
008 110509s2012 caua b 001 0 eng
020 |a 9781111726133 (pbk.) 
020 |a 1111726132 (pbk.) 
035 |a (OCoLC)ocn721190225 
040 |a SINIE  |c SINIE  |d CUD  |d OIP  |d YDX  |d BWX  |d IBI  |d MUU  |d TXA  |d UtOrBLW 
049 |a TXAM 
082 0 |a 808.06615  |2 22 
090 |a BF76.7  |b .R67 2012 
100 1 |a Rosnow, Ralph L. 
245 1 0 |a Writing papers in psychology :  |b proposals, research papers, literature reviews, poster presentations and concise reports /  |c Ralph L. Rosnow and Mimi Rosnow. 
250 |a 9th ed. 
264 1 |a Belmont, Calif. :  |b Wadsworth Cengage Learning,  |c [2012] 
264 4 |c ©2012 
300 |a xii, 196 pages :  |b illustrations ;  |c 23 cm. 
336 |a text  |b txt  |2 rdacontent 
337 |a unmediated  |b n  |2 rdamedia 
338 |a volume  |b nc  |2 rdacarrier 
504 |a Includes bibliographical references and index. 
505 0 |a Getting started -- Finding and retrieving reference materials -- Developing a proposal -- Planning the research report -- Organizing the review paper -- Communicating statistical information -- Writing the first draft -- Producing the final manuscript -- Preparing posters and concise reports. 
520 |a This ninth edition of Writing Papers in Psychology provides frameworks, tips, guidelines and sample illustrations for college students who are writing research reports or literature reviews that are expected to conform to style recommendations of the American Psychological Association. It also is designed to cultivate organizing, literature retrieval, critical reasoning and communication skills under deadlines. For more than a decade, this brief, inexpensive and easy-to-use manual has helped thousands of students in psychology and related fields with the task of writing term papers and reports. 
650 0 |a Psychology  |x Authorship. 
650 0 |a Report writing. 
700 1 |a Rosnow, Mimi,  |d 1938- 
945 |a PromptCat 
948 |a cataloged  |b h  |c 2012/12/14  |d c  |e dmitchel  |f 2:10:20 pm 
994 |a C0  |b TXA 
999 |a MARS 
999 f f |s 9f6fa111-05f5-3d97-a196-cb712614029f  |i 3d799180-637e-30f9-861a-a23b8ae3732a  |t 0 
952 f f |p normal  |a Texas A&M University  |b College Station  |c Sterling C. Evans Library  |d Evans: Library Stacks  |t 0  |e BF76.7 .R67 2012  |h Library of Congress classification  |i unmediated -- volume  |m A14836002639 
998 f f |a BF76.7 .R67 2012  |t 0  |l Evans: Library Stacks